Statistiques concernant Pays les plus proches du Liechtenstein

Cliquez ici pour prendre le quiz!

Statistiques générales

  • Ce quiz a été pris 91 fois
  • Le résultat moyen est 18 sur 20

Statistiques - réponses

kmpays% Correct
150France
100%
68Italie
100%
0Suisse
100%
33Allemagne
99%
0Autriche
98%
556Slovaquie
96%
300Slovénie
96%
492Hongrie
94%
556Pologne
94%
409Saint-Marin
94%
372Belgique
93%
348Croatie
93%
338Luxembourg
89%
465Pays-Bas
89%
617Vatican
89%
400Monaco
88%
334Tchequie
88%
720Serbie
87%
521Bosnie-Herzégovine
81%
716Espagne
77%

Distribution des résultats

Percentile par nombre de réponses

% des personnes avec chaque résultat

Votre développement - résultats

Vous n’avez pas pris ce quiz